[Event "St Louis Autumn GM"]
[Site "Saint Louis USA"]
[Date "2016.11.20"]
[Round "7.2"]
[White "Hambleton, Aman"]
[Black "Shetty, Atulya"]
[Result "0-1"]
[WhiteElo "2445"]
[BlackElo "2413"]
[PlyCount "106"]
[EventDate "2016.11.17"]
[EventType "tourn"]
[EventRounds "9"]
[EventCountry "USA"]
[EventCategory "8"]
[Source "Chess Mix"]

1. d4 d5 2. c4 c6 3. Nc3 Nf6 4. e3 a6 5. Nf3 e6 6. b3 Bb4 7. Bd2 O-O 8. Bd3
Nbd7 9. O-O Bd6 10. Qc2 e5 11. cxd5 cxd5 12. e4 exd4 13. Nxd5 Nxd5 14. exd5 Nf6
15. Rfe1 Bg4 16. Ne5 Rc8 17. Qb2 Rc5 18. Bg5 Bxe5 19. Rxe5 Rxd5 20. Rae1 Be6
21. Rxd5 Qxd5 22. Bxf6 gxf6 23. Re4 Rd8 24. Rh4 Bf5 25. Rh5 Bxd3 26. Rxd5 Rxd5
27. Qd2 Bg6 28. g4 d3 29. f4 Be4 30. f5 Rc5 31. Qf4 Rc2 32. Kf1 Re2 33. g5 Bg2+
34. Kg1 d2 35. Qb8+ Kg7 36. gxf6+ Kh6 37. Qf8+ Kg5 38. Qg8+ Kxf5 39. Qc8+ Kf4
40. Qc7+ Re5 41. Qd6 Bd5 42. Qb4+ Kf5 43. Qxd2 h5 44. Qh6 Ke6 45. Kf2 Bc6 46.
Qh8 Kd7 47. Qg8 Ke6 48. Qh8 Kd7 49. Kg3 Bd5 50. Kf4 Re4+ 51. Kf5 Rb4 52. Kg5
Rg4+ 53. Kxh5 Bf3 0-1

[Event "St Louis Autumn GM"]
[Site "Saint Louis USA"]
[Date "2016.11.21"]
[Round "8.5"]
[White "Ponizil, Cyril"]
[Black "Hambleton, Aman"]
[Result "1/2-1/2"]
[WhiteElo "2504"]
[BlackElo "2445"]
[PlyCount "107"]
[EventDate "2016.11.17"]
[EventType "tourn"]
[EventRounds "9"]
[EventCountry "USA"]
[EventCategory "8"]
[Source "Chess Mix"]

1. e4 c5 2. Nf3 e6 3. d4 cxd4 4. Nxd4 a6 5. Nc3 d6 6. g4 g6 7. h4 Bg7 8. Be3 b5
9. Bg2 Bb7 10. g5 Ne7 11. Qd2 Nbc6 12. f4 Qc7 13. Ndxb5 axb5 14. Nxb5 Qb8 15.
Nxd6+ Kf8 16. e5 Kg8 17. h5 gxh5 18. Rxh5 Nf5 19. Bc5 Nxd6 20. exd6 Nd8 21. c3
Bxg2 22. Qxg2 Qb7 23. Rh2 h5 24. a3 Qxg2 25. Rxg2 Kh7 26. Kf2 Kg6 27. Rd1 h4
28. Kf3 h3 29. Rh2 e5 30. Kg4 exf4 31. d7 f5+ 32. gxf6 Bxf6 33. Rxh3 Rxh3 34.
Kxh3 Kf5 35. Bd4 Bxd4 36. Rxd4 Nf7 37. Kg2 Rd8 38. a4 Ne5 39. a5 Nc6 40. Rd6
Nxa5 41. Rd5+ Ke4 42. Rxa5 Rxd7 43. Ra3 Ke3 44. c4+ Ke2 45. b4 Rg7+ 46. Kh2 f3
47. Ra2+ Ke3 48. Ra3+ Kf4 49. Ra8 Rg2+ 50. Kh3 Rg3+ 51. Kh2 Rg2+ 52. Kh3 Rg3+
53. Kh2 Rg2+ 54. Kh3 1/2-1/2

[Event "ISL-Tch Div 1 2016-17"]
[Site "Reykjavik ISL"]
[Date "2017.03.02"]
[Round "6.2"]
[White "Hambleton, Aman"]
[Black "Lovik, Lasse Ostebo"]
[Result "1/2-1/2"]
[WhiteElo "2441"]
[BlackElo "2379"]
[PlyCount "190"]
[EventDate "2016.09.29"]
[EventType "team"]
[EventRounds "9"]
[EventCountry "ISL"]
[Source "Chess Mix"]
[SourceDate "2017.04.01"]
[WhiteTeam "Taflfelag Reykjavikur a-sveit"]
[BlackTeam "Skakdeild KR"]

1. d4 Nf6 2. c4 e6 3. Nc3 Bb4 4. e3 O-O 5. Nge2 d5 6. a3 Bd6 7. Ng3 c6 8. Bd3
Nbd7 9. O-O Re8 10. c5 Bf8 11. f4 b6 12. b4 a5 13. Rb1 Ba6 14. Bxa6 Rxa6 15.
Qd3 Ra8 16. Bd2 Qc7 17. Nh1 axb4 18. axb4 Reb8 19. Nf2 Ra3 20. Qc2 Qa7 21. Bc1
Rxc3 22. Qxc3 bxc5 23. dxc5 Nxc5 24. Ra1 Na4 25. Qxc6 Rxb4 26. Bd2 Rc4 27. Qb5
Qd7 28. Qxd7 Nxd7 29. Rfc1 Nab6 30. Kf1 h5 31. Ra7 Nc5 32. Ke2 Rxc1 33. Bxc1
Nc4 34. Nd3 Nb3 35. Bb2 Nxb2 36. Nxb2 Nc5 37. Rc7 g6 38. g3 Bd6 39. Rc6 Be7 40.
Kf3 Bf6 41. Nc4 Ne4 42. Na3 Nd2+ 43. Ke2 Ne4 44. Nb5 Kf8 45. Rc2 Ke7 46. Kf3
Kf8 47. h3 Ke7 48. g4 hxg4+ 49. hxg4 Bg7 50. Rc7+ Ke8 51. Ke2 Bf6 52. g5 Bd8
53. Rb7 Be7 54. Nd4 Bd6 55. Ra7 Bc5 56. Ra8+ Kd7 57. Nf3 Bd6 58. Ra7+ Ke8 59.
Ra8+ Kd7 60. Rh8 Ke7 61. Rh7 Bc7 62. Nh4 Kf8 63. Nxg6+ Kg8 64. Rh8+ Kg7 65. Rc8
Kxg6 66. Rxc7 Kg7 67. Rc8 Kg6 68. Kd3 Ng3 69. Rc2 Kg7 70. Rh2 Kg6 71. Rh3 Ne4
72. Ke2 Nd6 73. Rh6+ Kg7 74. Kf3 Nf5 75. Rh2 Nd6 76. Ra2 Kg6 77. Ra4 Kg7 78.
Ra6 Nf5 79. e4 dxe4+ 80. Kxe4 Kg6 81. Rc6 Kg7 82. Rc5 Nd6+ 83. Ke5 Nf5 84. Ke4
Nd6+ 85. Kd4 Kg6 86. Re5 Nf5+ 87. Kc5 Nh4 88. Kd6 Ng2 89. Re4 Kf5 90. Re5+ Kg6
91. Re4 Kf5 92. Re5+ Kg6 93. Rxe6+ fxe6 94. Kxe6 Nxf4+ 95. Ke5 Kxg5 1/2-1/2

[Event "ISL-Tch Div 1 2016-17"]
[Site "Reykjavik ISL"]
[Date "2017.03.03"]
[Round "7.4"]
[White "Hambleton, Aman"]
[Black "Halldorsson, Halldor"]
[Result "1-0"]
[WhiteElo "2441"]
[BlackElo "2273"]
[PlyCount "101"]
[EventDate "2016.09.29"]
[EventType "team"]
[EventRounds "9"]
[EventCountry "ISL"]
[Source "Chess Mix"]
[SourceDate "2017.04.01"]
[WhiteTeam "Taflfelag Reykjavikur a-sveit"]
[BlackTeam "Skakfelag Akureyrar"]

1. d4 Nf6 2. c4 g6 3. Nc3 d5 4. cxd5 Nxd5 5. Bd2 Nb6 6. Nf3 Bg7 7. Qc1 Nc6 8.
Bh6 O-O 9. Bxg7 Kxg7 10. e3 Bf5 11. e4 Bg4 12. d5 Bxf3 13. dxc6 Bg4 14. cxb7
Rb8 15. Ba6 Bd7 16. O-O Bc6 17. Rd1 Qe8 18. b3 Bxb7 19. Bxb7 Rxb7 20. Ne2 e5
21. Qc5 Qe6 22. Rac1 Re8 23. Nc3 a6 24. Nd5 Nxd5 25. Qxd5 Qxd5 26. Rxd5 Re7 27.
Kf1 Rb4 28. f3 f5 29. Rdc5 fxe4 30. Rxc7 Rxc7 31. Rxc7+ Kh6 32. Rc4 Rb5 33.
Rxe4 Kg5 34. Ke2 h5 35. Kd3 Rc5 36. b4 Rd5+ 37. Kc3 Kf5 38. a4 g5 39. h3 Rd1
40. b5 axb5 41. axb5 Ke6 42. b6 Rc1+ 43. Kb2 Rc8 44. b7 Rb8 45. Rb4 Kd5 46. Kc3
g4 47. fxg4 hxg4 48. hxg4 e4 49. Kd2 Kc5 50. Rb1 Kd4 51. g5 1-0

[Event "ISL-Tch Div 1 2016-17"]
[Site "Reykjavik ISL"]
[Date "2017.03.04"]
[Round "8.3"]
[White "Arngrimsson, Dagur"]
[Black "Hambleton, Aman"]
[Result "0-1"]
[WhiteElo "2375"]
[BlackElo "2441"]
[PlyCount "80"]
[EventDate "2016.09.29"]
[EventType "team"]
[EventRounds "9"]
[EventCountry "ISL"]
[Source "Chess Mix"]
[SourceDate "2017.04.01"]
[WhiteTeam "Taflfelag Bolungarvikur"]
[BlackTeam "Taflfelag Reykjavikur a-sveit"]

1. d4 Nf6 2. c4 e6 3. Nf3 b6 4. g3 Ba6 5. b3 Bb7 6. Bg2 Bb4+ 7. Bd2 c5 8. O-O
O-O 9. Nc3 cxd4 10. Nb5 Be7 11. Nbxd4 d6 12. Nb5 a6 13. Nc3 Qc7 14. Re1 Nbd7
15. e4 Rac8 16. Rc1 Nc5 17. Qc2 Qb8 18. Nd4 Rfe8 19. Bf1 Ncd7 20. Bh3 Bf8 21.
f4 b5 22. cxb5 axb5 23. Ndxb5 d5 24. exd5 Bc5+ 25. Kf1 exd5 26. Qd3 d4 27. Nd1
Rxe1+ 28. Bxe1 Be4 29. Qc4 Rc6 30. a4 Bb4 31. Qxc6 Bxc6 32. Rxc6 Bxe1 33. Kxe1
h5 34. Kf1 Ng4 35. Bxg4 hxg4 36. Nxd4 Qb4 37. Rc4 Qd2 38. Nf2 Nb6 39. Rc6 Qxd4
40. a5 Qa1+ 0-1

[Event "ISL-Tch Div 1 2016-17"]
[Site "Reykjavik ISL"]
[Date "2017.03.04"]
[Round "9.3"]
[White "Hambleton, Aman"]
[Black "Ragnarsson, Dagur"]
[Result "0-1"]
[WhiteElo "2441"]
[BlackElo "2298"]
[PlyCount "103"]
[EventDate "2016.09.29"]
[EventType "team"]
[EventRounds "9"]
[EventCountry "ISL"]
[Source "Chess Mix"]
[SourceDate "2017.04.01"]
[WhiteTeam "Taflfelag Reykjavikur a-sveit"]
[BlackTeam "Skakdeild Fjolnis"]

1. d4 d5 2. c4 e6 3. Nc3 c6 4. e3 f5 5. g4 Nf6 6. gxf5 exf5 7. Qb3 dxc4 8. Bxc4
Bd6 9. Nf3 b5 10. Be6 Bd7 11. Rg1 Qe7 12. Ng5 h6 13. Bf7+ Kd8 14. Ne6+ Kc8 15.
Rxg7 Rh7 16. Bd2 Rxg7 17. Nxg7 b4 18. Ne2 Ne4 19. Ng3 Bxg3 20. hxg3 Ng5 21.
Bxb4 Qxf7 22. Qxf7 Nxf7 23. Nh5 Na6 24. Bd2 Rb8 25. b3 Ng5 26. Nf4 c5 27. dxc5
Bb5 28. O-O-O Nxc5 29. Ba5 Bc6 30. Rd6 Kb7 31. Rxh6 Nce4 32. Rg6 Rc8 33. Kb2
Rh8 34. Nd3 Bb5 35. Nb4 Rh7 36. f4 Nf7 37. a4 Bd7 38. Ka3 Rh3 39. Rg7 Be6 40.
g4 Rxe3 41. Kb2 fxg4 42. f5 Bxb3 43. Nc2 Bxc2 44. Rxf7+ Ka6 45. Kxc2 Kxa5 46.
Rxa7+ Kb6 47. Rg7 g3 48. f6 Nxf6 49. Kd2 Ra3 50. Rg6 Kc5 51. Rxf6 g2 52. Rg6
0-1

[Event "Saint Louis GM"]
[Site "Saint Louis USA"]
[Date "2016.06.08"]
[Round "1"]
[White "Boros, Denes"]
[Black "Hambleton, Aman"]
[Result "1/2-1/2"]
[WhiteElo "2459"]
[BlackElo "2439"]
[PlyCount "117"]
[EventDate "2016.06.08"]
[EventType "tourn"]
[EventRounds "9"]
[EventCountry "USA"]
[EventCategory "9"]
[Source "Chessbase"]
[SourceDate "2016.06.23"]

1. c4 c5 2. g3 e6 3. Nf3 b6 4. Bg2 Bb7 5. O-O Nf6 6. Nc3 a6 7. b3 d6 8. d4 cxd4
9. Qxd4 Nbd7 10. Rd1 Qc7 11. Ng5 Bxg2 12. Kxg2 Be7 13. Nge4 O-O 14. Ba3 Nc5 15.
Rac1 Qb7 16. Bxc5 dxc5 17. Qe3 Nxe4 18. Qxe4 Qxe4+ 19. Nxe4 Rfd8 20. f4 Rxd1
21. Rxd1 Rd8 22. Rxd8+ Bxd8 23. Kf3 f5 24. Nc3 Kf7 25. h3 g6 26. g4 h6 27. e4
Bf6 28. Na4 Bd8 29. a3 Ke8 30. Nb2 Bf6 31. Na4 Bd8 32. Ke3 Kd7 33. gxf5 gxf5
34. exf5 exf5 35. Nc3 Kd6 36. Kd3 Ke6 37. Nd5 Kd6 38. Kd2 Ke6 39. Kc3 Kd6 40.
b4 Ke6 41. Kb3 Kd6 42. Kc3 Ke6 43. a4 a5 44. bxc5 bxc5 45. Kd2 Kf7 46. Ke2 Ke6
47. Kf3 Kd6 48. Nc3 h5 49. Nb5+ Kd7 50. Na3 h4 51. Nb1 Ke6 52. Ke3 Bf6 53. Nd2
Bd8 54. Nf3 Bf6 55. Ne1 Kd6 56. Nd3 Bd4+ 57. Kd2 Bf6 58. Nc1 Bd8 59. Kd3
1/2-1/2

[Event "Saint Louis GM"]
[Site "Saint Louis USA"]
[Date "2016.06.09"]
[Round "2"]
[White "Hambleton, Aman"]
[Black "Rosen, Eric"]
[Result "1-0"]
[WhiteElo "2439"]
[BlackElo "2392"]
[PlyCount "79"]
[EventDate "2016.06.08"]
[EventType "tourn"]
[EventRounds "9"]
[EventCountry "USA"]
[EventCategory "9"]
[Source "Chessbase"]
[SourceDate "2016.06.23"]

1. d4 Nf6 2. c4 e6 3. Nc3 Bb4 4. Qc2 Nc6 5. Nf3 d6 6. Bd2 O-O 7. a3 Bxc3 8.
Bxc3 Qe7 9. b4 e5 10. dxe5 Nxe5 11. Nxe5 dxe5 12. e3 Bg4 13. h3 Bh5 14. Bd3 e4
15. Be2 Bxe2 16. Kxe2 Qe6 17. Bb2 Nd7 18. Rhd1 Ne5 19. Qxe4 Qxc4+ 20. Qxc4 Nxc4
21. Bd4 c6 22. a4 a5 23. bxa5 Rxa5 24. Bc3 Ra7 25. Rab1 Rxa4 26. Rxb7 Ra2+ 27.
Kf3 Rc2 28. Rd3 h6 29. Rb4 Nd6 30. Bxg7 Kxg7 31. Rg4+ Kh7 32. Rxd6 Rc5 33. Rd7
h5 34. Rf4 Kg6 35. Rc7 f6 36. Rd4 Ra8 37. g4 Ra2 38. Rdd7 Rc1 39. Rg7+ Kh6 40.
Rh7+ 1-0

[Event "Saint Louis GM"]
[Site "Saint Louis USA"]
[Date "2016.06.09"]
[Round "3"]
[White "Liang, Awonder"]
[Black "Hambleton, Aman"]
[Result "1-0"]
[WhiteElo "2408"]
[BlackElo "2439"]
[PlyCount "130"]
[EventDate "2016.06.08"]
[EventType "tourn"]
[EventRounds "9"]
[EventCountry "USA"]
[EventCategory "9"]
[Source "Chessbase"]
[SourceDate "2016.06.23"]

1. e4 e6 2. d4 d5 3. Nd2 c5 4. exd5 Qxd5 5. Ngf3 cxd4 6. Bc4 Qd7 7. O-O Nc6 8.
Nb3 Nf6 9. Nbxd4 Nxd4 10. Nxd4 a6 11. Re1 b5 12. Bb3 Bb7 13. Bf4 Be7 14. a4 Bd5
15. axb5 Bxb3 16. cxb3 Bc5 17. Be5 Bxd4 18. Qxd4 Qxd4 19. Bxd4 a5 20. Bc3 Ke7
21. Bxa5 Nd5 22. Bc3 Rxa1 23. Rxa1 Rb8 24. Bxg7 Rxb5 25. Ra3 f6 26. Bh6 Kf7 27.
Bd2 Rc5 28. Ra1 Rb5 29. b4 Nxb4 30. Bxb4 Rxb4 31. Rb1 e5 32. Kf1 Ke6 33. Ke2 f5
34. b3 Kd5 35. Rd1+ Kc5 36. Rd3 e4 37. Rh3 Kd4 38. Rxh7 Rxb3 39. Rd7+ Ke5 40.
g3 Rb2+ 41. Rd2 Rb5 42. Rd8 Rb2+ 43. Kf1 Kf6 44. h3 Rb3 45. Kg2 e3 46. Rf8+ Kg6
47. f4 e2 48. Re8 Rb2 49. Kf3 Rb3+ 50. Kf2 Kh5 51. Rxe2 Ra3 52. Re5 Ra2+ 53.
Kf3 Ra3+ 54. Re3 Ra1 55. g4+ fxg4+ 56. hxg4+ Kh4 57. g5 Rf1+ 58. Ke4 Kg4 59.
Ke5 Rxf4 60. g6 Rf8 61. g7 Re8+ 62. Kf6 Rxe3 63. g8=Q+ Kf3 64. Kf5 Ke2 65. Qg2+
Ke1 1-0

[Event "Saint Louis GM"]
[Site "Saint Louis USA"]
[Date "2016.06.10"]
[Round "4"]
[White "Li, Ruifeng"]
[Black "Hambleton, Aman"]
[Result "0-1"]
[WhiteElo "2529"]
[BlackElo "2439"]
[PlyCount "153"]
[EventDate "2016.06.08"]
[EventType "tourn"]
[EventRounds "9"]
[EventCountry "USA"]
[EventCategory "9"]
[Source "Chessbase"]
[SourceDate "2016.06.23"]

1. e4 e6 2. d4 d5 3. Nc3 Bb4 4. e5 Ne7 5. a3 Bxc3+ 6. bxc3 b6 7. Qg4 Ng6 8. h4
h5 9. Qd1 Ba6 10. Bxa6 Nxa6 11. Bg5 Qd7 12. Ne2 Qa4 13. O-O Ne7 14. Nf4 g6 15.
Bxe7 Kxe7 16. Re1 Nb8 17. Nh3 Nc6 18. Ng5 Raf8 19. Qf3 Kd7 20. Qd3 Ne7 21. Rab1
a5 22. Rb3 Nf5 23. g3 Ke7 24. Nf3 Rb8 25. Qd2 Rhc8 26. Reb1 Kf8 27. Qg5 Qe8 28.
Qc1 Qc6 29. Qd2 Qc4 30. Qd3 Qa4 31. Qb5 Qxb5 32. Rxb5 Ra8 33. Kf1 Ra6 34. Ke2
Rb8 35. a4 Ne7 36. Kd3 Nc6 37. R5b2 Rd8 38. Ke3 Raa8 39. Nd2 Rac8 40. c4 dxc4
41. c3 Nxd4 42. cxd4 c3 43. Rc2 cxd2 44. Rxd2 Rd5 45. f4 Rcd8 46. Rb3 R8d7 47.
Rc2 Ke8 48. Rc4 Kd8 49. Rb2 Kc8 50. Rbc2 Kb7 51. R2c3 c6 52. Rc2 Rc7 53. Rc1
Rd8 54. Rb1 Ka6 55. Rbc1 Rdc8 56. R1c2 Kb7 57. Rb2 c5 58. dxc5 Rxc5 59. Rxc5
Rxc5 60. Rd2 Rc3+ 61. Kf2 Rc4 62. Rd7+ Rc7 63. Rd6 Rc4 64. Rd7+ Kc6 65. Rxf7
Rxa4 66. Re7 Kd5 67. Rd7+ Ke4 68. Rd6 Ra2+ 69. Ke1 Rb2 70. Rc6 a4 71. Kd1 a3
72. Kc1 Rb5 73. Rc4+ Kf5 74. Ra4 Ra5 75. Rxa5 bxa5 76. Kb1 Kg4 77. Kc2 0-1

[Event "Saint Louis GM"]
[Site "Saint Louis USA"]
[Date "2016.06.10"]
[Round "5"]
[White "Hambleton, Aman"]
[Black "Sukandar, Irene Kharisma"]
[Result "0-1"]
[WhiteElo "2439"]
[BlackElo "2401"]
[PlyCount "72"]
[EventDate "2016.06.08"]
[EventType "tourn"]
[EventRounds "9"]
[EventCountry "USA"]
[EventCategory "9"]
[Source "Chessbase"]
[SourceDate "2016.06.23"]

1. d4 Nf6 2. c4 e6 3. Nc3 Bb4 4. Qc2 O-O 5. Nf3 b6 6. e4 c5 7. e5 cxd4 8. a3
dxc3 9. axb4 cxb2 10. Bxb2 Ne8 11. Qe4 Nc6 12. Bd3 g6 13. b5 d5 14. cxd5 exd5
15. Qf4 Ne7 16. Ba3 Ng7 17. Ng5 Ne6 18. Qh4 Nxg5 19. Qxg5 Nf5 20. Qf4 Re8 21.
O-O Qh4 22. Qf3 Be6 23. Bxf5 Bxf5 24. Qxd5 Qe4 25. Qd2 Qd3 26. Qh6 Qxb5 27. Bd6
a5 28. Rfd1 Rac8 29. h3 Rc2 30. Rd4 Qb2 31. Rad1 Rxf2 32. e6 Rxg2+ 33. Kh1 f6
34. e7 Rxe7 35. Be5 Rd7 36. Rxd7 Rh2+ 0-1

[Event "Saint Louis GM"]
[Site "Saint Louis USA"]
[Date "2016.06.11"]
[Round "6"]
[White "Zierk, Steven"]
[Black "Hambleton, Aman"]
[Result "1-0"]
[WhiteElo "2488"]
[BlackElo "2439"]
[PlyCount "79"]
[EventDate "2016.06.08"]
[EventType "tourn"]
[EventRounds "9"]
[EventCountry "USA"]
[EventCategory "9"]
[Source "Chessbase"]
[SourceDate "2016.06.23"]

1. e4 e6 2. d4 d5 3. Nc3 Bb4 4. e5 Ne7 5. Bd2 b6 6. f4 Bxc3 7. Bxc3 Ba6 8. Bxa6
Nxa6 9. Nf3 c5 10. Qe2 Nb8 11. Bd2 cxd4 12. Nxd4 Nbc6 13. Nf3 Nf5 14. O-O-O h5
15. g3 Qe7 16. Qg2 Qc5 17. Kb1 a5 18. h3 h4 19. g4 Ng3 20. Rhe1 Nb4 21. Rc1 Ne4
22. Ng5 Nxg5 23. fxg5 O-O 24. Qf3 d4 25. Qe4 Nd5 26. g6 Rac8 27. g5 fxg6 28.
Qxg6 Qc6 29. Qh5 Rf5 30. Qxh4 Nc3+ 31. Ka1 Qd5 32. bxc3 dxc3 33. Be3 Rc4 34.
Qh5 Qc6 35. Red1 Ra4 36. Rd8+ Rf8 37. Rxf8+ Kxf8 38. Rf1+ Kg8 39. Qf7+ Kh8 40.
Qf8+ 1-0

[Event "Saint Louis GM"]
[Site "Saint Louis USA"]
[Date "2016.06.12"]
[Round "8"]
[White "Chandra, Akshat"]
[Black "Hambleton, Aman"]
[Result "1/2-1/2"]
[WhiteElo "2464"]
[BlackElo "2439"]
[PlyCount "72"]
[EventDate "2016.06.08"]
[EventType "tourn"]
[EventRounds "9"]
[EventCountry "USA"]
[EventCategory "9"]
[Source "Chessbase"]
[SourceDate "2016.06.23"]

1. d4 d5 2. c4 dxc4 3. e3 e5 4. Bxc4 exd4 5. exd4 Bd6 6. Nf3 Nf6 7. Qe2+ Qe7 8.
Qxe7+ Kxe7 9. O-O Be6 10. Re1 Kd7 11. Bxe6+ fxe6 12. Nc3 Re8 13. Bg5 Nc6 14.
Ne5+ Bxe5 15. dxe5 Nd5 16. Rad1 h6 17. Bh4 Nce7 18. Bxe7 Kxe7 19. Nxd5+ exd5
20. Rxd5 Rad8 21. Rdd1 Ke6 22. f4 g5 23. fxg5 hxg5 24. Kf2 Rxd1 25. Rxd1 Rf8+
26. Kg3 Rf4 27. Rd8 Rb4 28. Re8+ Kf7 29. Rc8 Rxb2 30. Rxc7+ Ke6 31. Rg7 Kf5 32.
e6 Rxa2 33. e7 Re2 34. Rf7+ Kg6 35. e8=Q Rxe8 36. Rxb7 Re3+ 1/2-1/2

[Event "Saint Louis GM"]
[Site "Saint Louis USA"]
[Date "2016.06.13"]
[Round "9"]
[White "Hambleton, Aman"]
[Black "Ashwin, Jayaram"]
[Result "1/2-1/2"]
[WhiteElo "2439"]
[BlackElo "2460"]
[PlyCount "28"]
[EventDate "2016.06.08"]
[EventType "tourn"]
[EventRounds "9"]
[EventCountry "USA"]
[EventCategory "9"]
[Source "Chessbase"]
[SourceDate "2016.06.23"]

1. d4 d5 2. c4 c6 3. cxd5 cxd5 4. Nc3 Nf6 5. Nf3 Nc6 6. Bf4 Nh5 7. Be5 e6 8. e3
f6 9. Bg3 Qb6 10. Qd2 Bd7 11. Bd3 Be7 12. O-O Nxg3 13. hxg3 f5 14. Rfc1 O-O
1/2-1/2

[Event "McGill op"]
[Site "Montreal CAN"]
[Date "2016.04.29"]
[Round "1.1"]
[White "Allard, Laurent"]
[Black "Hambleton, Aman"]
[Result "1/2-1/2"]
[WhiteElo "2012"]
[BlackElo "2442"]
[PlyCount "107"]
[EventDate "2016.04.28"]
[EventType "swiss"]
[EventRounds "5"]
[EventCountry "CAN"]

1. e4 e6 2. d4 d5 3. Nd2 h6 4. Bd3 c5 5. dxc5 Bxc5 6. Ngf3 Nc6 7. O-O Nge7 8.
Nb3 Bb6 9. Re1 O-O 10. Bf4 a5 11. c3 a4 12. Nbd4 dxe4 13. Bxe4 Nxd4 14. Nxd4
Nd5 15. Qf3 Nxf4 16. Qxf4 a3 17. b3 Ra5 18. b4 Ra8 19. Rad1 Qe7 20. Qf3 Rd8 21.
Nb5 Bd7 22. Bxb7 Rab8 23. Nxa3 Ba4 24. Rxd8+ Rxd8 25. Bc6 Bxc6 26. Qxc6 Qa7 27.
Nb5 Qa6 28. Nd4 Rc8 29. Qb5 Qa7 30. Qe2 Bxd4 31. cxd4 Qa4 32. Rb1 Rc2 33. Qf1
Qxa2 34. Rc1 Rb2 35. Qd3 g6 36. Qe3 Kh7 37. Qf4 Kg7 38. Qe5+ Kh7 39. Qf6 e5 40.
h4 Qe6 41. dxe5 Rxb4 42. Rc7 Qxf6 43. exf6 Kg8 44. Rc8+ Kh7 45. Rf8 Rb7 46. g4
g5 47. h5 Ra7 48. f3 Rb7 49. f4 gxf4 50. Kf2 f3 51. Kxf3 Ra7 52. Kg3 Rb7 53.
Kh4 Ra7 54. Kg3 1/2-1/2

[Event "McGill op"]
[Site "Montreal CAN"]
[Date "2016.04.30"]
[Round "2.7"]
[White "Hambleton, Aman"]
[Black "Johnson-Constantin, Matthieu"]
[Result "1-0"]
[WhiteElo "2442"]
[BlackElo "1813"]
[PlyCount "55"]
[EventDate "2016.04.28"]
[EventType "swiss"]
[EventRounds "5"]
[EventCountry "CAN"]

1. d4 Nf6 2. c4 g6 3. Nc3 Bg7 4. e4 d6 5. f3 O-O 6. Be3 e5 7. Nge2 Nc6 8. d5
Ne7 9. Qd2 a6 10. g4 h5 11. h3 Bd7 12. Ng3 h4 13. Nge2 Nh7 14. g5 f6 15. gxf6
Bxf6 16. f4 exf4 17. Nxf4 Ng5 18. Bg2 Nf7 19. O-O Ne5 20. b3 Qe8 21. Ne6 Bxe6
22. dxe6 N7c6 23. Nd5 Qxe6 24. Nxc7 Qe7 25. Nxa8 Nf3+ 26. Rxf3 Bxa1 27. Rxf8+
Kxf8 28. Nb6 1-0

[Event "McGill op"]
[Site "Montreal CAN"]
[Date "2016.04.30"]
[Round "3.4"]
[White "Wilkin, Alain"]
[Black "Hambleton, Aman"]
[Result "0-1"]
[WhiteElo "1889"]
[BlackElo "2442"]
[PlyCount "63"]
[EventDate "2016.04.28"]
[EventType "swiss"]
[EventRounds "5"]
[EventCountry "CAN"]

1. e4 c5 2. Nf3 e6 3. d4 cxd4 4. Nxd4 a6 5. Bd3 Bc5 6. Nb3 Be7 7. Nc3 d6 8. O-O
Nf6 9. a4 b6 10. Qe2 Qc7 11. h3 Bb7 12. Bf4 Nc6 13. Bh2 O-O 14. f4 Nb4 15. f5
Nxd3 16. cxd3 b5 17. a5 Qd7 18. fxe6 fxe6 19. e5 dxe5 20. Bxe5 b4 21. Na4 Qd5
22. Nd2 Nd7 23. Bg3 Bc6 24. Ne4 Rxf1+ 25. Qxf1 Qxa5 26. b3 Qd5 27. Nb2 Nc5 28.
Nxc5 Bxc5+ 29. Kh2 Rf8 30. Qe2 Rf2 31. Qe4 Qxe4 32. dxe4 0-1

[Event "McGill op"]
[Site "Montreal CAN"]
[Date "2016.05.01"]
[Round "5.2"]
[White "Robichaud, Louis"]
[Black "Hambleton, Aman"]
[Result "0-1"]
[WhiteElo "2024"]
[BlackElo "2442"]
[PlyCount "70"]
[EventDate "2016.04.28"]
[EventType "swiss"]
[EventRounds "5"]
[EventCountry "CAN"]

1. e4 e6 2. d3 d5 3. Nd2 c5 4. g3 Nf6 5. Bg2 g6 6. Ngf3 Bg7 7. O-O O-O 8. c3
Nc6 9. Qe2 a5 10. a4 b6 11. Ne1 Ba6 12. e5 Nd7 13. f4 Qc7 14. Nc2 Rae8 15. Na3
Na7 16. Re1 f6 17. Nf3 fxe5 18. Nxe5 Nxe5 19. fxe5 Rf5 20. Bf4 g5 21. Be3 Rxe5
22. Qd2 h6 23. d4 Rf5 24. Nc2 Nc8 25. Kh1 Nd6 26. Bg1 Ne4 27. Qd1 Rf7 28. dxc5
bxc5 29. Bxe4 dxe4 30. Ne3 Bd3 31. Qg4 c4 32. Red1 Qc6 33. Rd2 Ref8 34. Kg2 Rf3
35. Kh3 R8f4 0-1

[Event "Carnaval"]
[Site "Quebec CAN"]
[Date "2016.02.20"]
[Round "2"]
[White "Caire, Francois"]
[Black "Hambleton, Aman"]
[Result "1-0"]
[WhiteElo "2243"]
[BlackElo "2486"]
[PlyCount "109"]
[EventDate "2016.02.19"]
[EventType "swiss"]
[EventRounds "5"]
[EventCountry "CAN"]
[TimeControl "900+2"]

1. d4 e6 2. c4 Nf6 3. Nf3 b6 4. g3 Ba6 5. b3 Bb4+ 6. Bd2 c5 7. Bg2 Bb7 8. O-O
O-O 9. Bc3 Na6 10. a3 Bxc3 11. Nxc3 cxd4 12. Qxd4 Nc5 13. Rab1 d5 14. cxd5 Nxd5
15. b4 Nxc3 16. Qxc3 Ne4 17. Qe3 Rc8 18. Rbc1 Qe7 19. Rfd1 Nf6 20. Ne5 Nd5 21.
Qb3 Rxc1 22. Rxc1 Qg5 23. Qb2 Qe7 24. Nc6 Bxc6 25. Rxc6 Nf6 26. Qc2 Rd8 27. Rc7
Rd1+ 28. Bf1 Rd7 29. Rc8+ Ne8 30. e4 Rd8 31. Qc6 Rxc8 32. Qxc8 f6 33. e5 Kf7
34. exf6 gxf6 35. Bc4 Nd6 36. Qc6 Kg7 37. Bb3 e5 38. Qd5 f5 39. Qg8+ Kh6 40.
Qd5 Qf6 41. Kg2 f4 42. g4 Kg5 43. f3 h5 44. Qg8+ Kh6 45. h4 Qxh4 46. Qf8+ Kh7
47. Bg8+ Kg6 48. Qxd6+ Kg7 49. Bd5 Qg3+ 50. Kf1 Qh3+ 51. Ke2 Qg2+ 52. Kd3 Qf1+
53. Ke4 Qb1+ 54. Kxe5 Qb2+ 55. Kf5 1-0

[Event "Carnaval"]
[Site "Quebec CAN"]
[Date "2016.02.21"]
[Round "4"]
[White "Zhu, Hong Rui"]
[Black "Hambleton, Aman"]
[Result "1/2-1/2"]
[WhiteElo "2235"]
[BlackElo "2486"]
[PlyCount "120"]
[EventDate "2016.02.19"]
[EventType "swiss"]
[EventRounds "5"]
[EventCountry "CAN"]
[TimeControl "900+2"]

1. e4 c5 2. Nf3 e6 3. d4 cxd4 4. Nxd4 a6 5. Bd3 Bc5 6. Nb3 Be7 7. Qg4 g6 8. Qe2
d6 9. O-O Nd7 10. c4 Qc7 11. Nc3 b6 12. Be3 Bb7 13. Rac1 h5 14. f3 Ngf6 15. Qf2
Rb8 16. Nd2 h4 17. Rfd1 Rc8 18. b4 Bd8 19. Nb3 Qb8 20. Bf1 Bc7 21. Bf4 g5 22.
Bxg5 d5 23. exd5 Bxh2+ 24. Kh1 Bf4 25. dxe6 fxe6 26. Bxf4 Qxf4 27. Rd4 Qg3 28.
Kg1 Kf7 29. Re1 Rcg8 30. Qxg3 Rxg3 31. Kf2 Rg5 32. Rd6 e5 33. c5 bxc5 34. bxc5
Rc8 35. Bc4+ Kg7 36. Be6 Rc7 37. Na4 Bc6 38. Nb6 Nf8 39. Na5 Be8 40. Nb3 Ng6
41. Bh3 Nf4 42. Nc4 Bf7 43. Rxe5 Rxe5 44. Nxe5 Bxb3 45. axb3 Rxc5 46. Nc4 Rb5
47. Rb6 N6d5 48. Rxb5 axb5 49. Na3 b4 50. Nc2 Nxh3+ 51. gxh3 Nf4 52. Nxb4 Nxh3+
53. Ke3 Ng5 54. Nd3 h3 55. f4 h2 56. Nf2 Nh3 57. Nh1 Kf6 58. Ng3 Ke6 59. Kf3
Kd5 60. Nh1 Nxf4 1/2-1/2

[Event "Vandoeuvre op"]
[Site "Vandoeuvre les Nancy FRA"]
[Date "2015.12.20"]
[Round "4"]
[White "Donchenko, Alexander"]
[Black "Hambleton, Aman"]
[Result "1-0"]
[WhiteElo "2588"]
[BlackElo "2446"]
[PlyCount "88"]
[EventDate "2015.12.19"]
[EventType "swiss"]
[EventRounds "9"]
[EventCountry "FRA"]
[Source "Chessbase"]
[SourceDate "2016.01.01"]

1. c4 c5 2. g3 e6 3. Bg2 d5 4. cxd5 exd5 5. d4 cxd4 6. Nf3 Bb4+ 7. Nbd2 Nc6 8.
a3 Ba5 9. b4 Bb6 10. Bb2 Nf6 11. Nb3 O-O 12. Nbxd4 Nxd4 13. Bxd4 Re8 14. O-O
Bg4 15. Qd3 Qe7 16. Bxb6 axb6 17. h3 Bd7 18. e3 Qe4 19. Qd1 Rec8 20. Nd4 Qe8
21. Qd3 Ne4 22. Rac1 Rxc1 23. Rxc1 Rc8 24. Rc2 Rxc2 25. Qxc2 Qc8 26. Qxc8+ Bxc8
27. Kf1 Bd7 28. Ke1 Kf8 29. Ne2 Ke7 30. f3 Nf6 31. Kd2 Kd6 32. g4 Ne8 33. Nd4
g5 34. Bf1 Ng7 35. Bd3 h5 36. Kc3 hxg4 37. hxg4 Ke5 38. Ne2 f6 39. Nd4 f5 40.
gxf5 Bxf5 41. Nxf5 Nxf5 42. Bxf5 Kxf5 43. Kd3 Ke5 44. f4+ Ke6 1-0